[Event "15. Obert Int. Sant Martí 2013 - B"]
[Site "Barcelona ESP"]
[Date "2013.07.15"]
[Round "3.28"]
[White "Fuertes Buisac, Bernat"]
[Black "Fernandez Martin, Javier"]
[Result "1/2-1/2"]
[WhiteElo "1686"]
[BlackElo "1962"]
[PlyCount "93"]
[EventDate "2013.07.13"]
[EventType "swiss"]
[EventRounds "9"]
[EventCountry "ESP"]
[SourceTitle "Ajedrez en Madrid"]
[Source "lmi"]
[SourceDate "2013.07.13"]
[SourceVersion "1"]
[SourceVersionDate "2019.06.21"]
[SourceQuality "1"]

1. d4 Nf6 2. c4 g6 3. Nc3 d5 4. cxd5 Nxd5 5. Bd2 Bg7 6. e4 Nxc3 7. Bxc3 O-O 8.
Nf3 Bg4 9. Be2 e6 10. O-O c6 11. Qb3 Qb6 12. Qxb6 axb6 13. h3 Bxf3 14. Bxf3 Nd7
15. Rfd1 Rfd8 16. d5 Bxc3 17. bxc3 Ne5 18. dxe6 Nxf3+ 19. gxf3 fxe6 20. Rdb1
Ra6 21. Rd1 Rf8 22. Kg2 Kg7 23. Rd7+ Rf7 24. Rad1 Rxa2 25. Rxf7+ Kxf7 26. Rd7+
Kf6 27. Rxb7 Rb2 28. Rxh7 Rc2 29. Kg3 Rxc3 30. Kg4 Ke5 31. Rh6 b5 32. Rxg6 b4
33. f4+ Kxe4 34. Rxe6+ Kd5 35. Re8 b3 36. f5 Rc2 37. f6 Rxf2 38. Rb8 Kc4 39.
Kg5 Kc3 40. Kg6 b2 41. f7 c5 42. Kg7 c4 43. f8=Q Rxf8 44. Kxf8 Kc2 45. h4 b1=Q
46. Rxb1 Kxb1 47. h5 1/2-1/2

[Event "15. Obert Int. Sant Martí 2013 - B"]
[Site "Barcelona ESP"]
[Date "2013.07.15"]
[Round "3.29"]
[White "Serentill Tost, Eduard"]
[Black "Masferrer Niubo, Enric"]
[Result "0-1"]
[WhiteElo "1665"]
[BlackElo "1961"]
[PlyCount "54"]
[EventDate "2013.07.13"]
[EventType "swiss"]
[EventRounds "9"]
[EventCountry "ESP"]
[SourceTitle "Ajedrez en Madrid"]
[Source "lmi"]
[SourceDate "2013.07.13"]
[SourceVersion "1"]
[SourceVersionDate "2019.06.21"]
[SourceQuality "1"]

1. e4 d6 2. d4 Nf6 3. Nc3 g6 4. f4 Bg7 5. Nf3 c5 6. dxc5 Qa5 7. Qd4 O-O 8. cxd6
exd6 9. Qa4 Qxa4 10. Nxa4 Nxe4 11. Bd3 Re8 12. O-O Bd7 13. Bxe4 Rxe4 14. Nc3
Bxc3 15. bxc3 Be6 16. Ng5 Rc4 17. Nxe6 fxe6 18. Bb2 Nd7 19. Rad1 d5 20. Rd4
Rac8 21. Rfd1 Nb6 22. Rxc4 Nxc4 23. Bc1 Nd6 24. Rd3 Ne4 25. Bb2 Rc6 26. Rf3 Rb6
27. Ba1 Ra6 0-1

[Event "15. Obert Int. Sant Martí 2013 - B"]
[Site "Barcelona ESP"]
[Date "2013.07.15"]
[Round "3.30"]
[White "Blesa Fernandez, Francisco"]
[Black "Petit Montes, Marc"]
[Result "1-0"]
[WhiteElo "1951"]
[BlackElo "1656"]
[PlyCount "95"]
[EventDate "2013.07.13"]
[EventType "swiss"]
[EventRounds "9"]
[EventCountry "ESP"]
[SourceTitle "Ajedrez en Madrid"]
[Source "lmi"]
[SourceDate "2013.07.13"]
[SourceVersion "1"]
[SourceVersionDate "2019.06.21"]
[SourceQuality "1"]

1. d4 d5 2. c4 c6 3. Nf3 Nf6 4. Nc3 e6 5. Bg5 Be7 6. e3 Nbd7 7. Rc1 O-O 8. a3
a6 9. cxd5 exd5 10. Bd3 h6 11. Bh4 Ne4 12. Bxe7 Qxe7 13. O-O f5 14. b4 Ndf6 15.
Ne5 Qd6 16. Na4 Nd7 17. Nxd7 Bxd7 18. Nc5 Nxc5 19. bxc5 Qe7 20. Rb1 Be6 21. Rb6
Rae8 22. Qf3 Bc8 23. Qg3 Qf6 24. Rfb1 f4 25. exf4 Qxf4 26. Qxf4 Rxf4 27. R6b4
g5 28. Kf1 Kg7 29. Re1 Rxe1+ 30. Kxe1 Rf7 31. Be2 Kf6 32. Rb3 Re7 33. Rf3+ Kg7
34. Kd2 Re4 35. Kd3 g4 36. Re3 Bf5 37. Rxe4 Bxe4+ 38. Kc3 h5 39. Kb4 Kf6 40.
Ka5 Bxg2 41. Kb6 Ke7 42. Kxb7 Kd7 43. Bxa6 Be4 44. a4 Bc2 45. a5 Ba4 46. Bd3
Bb5 47. Bxb5 cxb5 48. c6+ 1-0

[Event "15. Obert Int. Sant Martí 2013 - B"]
[Site "Barcelona ESP"]
[Date "2013.07.15"]
[Round "3.31"]
[White "Cartro Turu, Gabriel"]
[Black "Poyato Duran, David"]
[Result "1/2-1/2"]
[WhiteElo "1944"]
[BlackElo "1656"]
[PlyCount "48"]
[EventDate "2013.07.13"]
[EventType "swiss"]
[EventRounds "9"]
[EventCountry "ESP"]
[SourceTitle "Ajedrez en Madrid"]
[Source "lmi"]
[SourceDate "2013.07.13"]
[SourceVersion "1"]
[SourceVersionDate "2019.06.21"]
[SourceQuality "1"]

1. e4 e5 2. Nf3 Nc6 3. Bc4 Nf6 4. Ng5 d5 5. exd5 Na5 6. d3 h6 7. Nf3 Bg4 8. h3
Bxf3 9. Qxf3 Be7 10. Bd2 Nxc4 11. dxc4 O-O 12. Nc3 Rc8 13. Rd1 Re8 14. O-O Bc5
15. Ne4 Nxe4 16. Qxe4 Qd7 17. b4 f5 18. Qe2 Be7 19. c5 Qxd5 20. Bxh6 Qxa2 21.
Ra1 Qf7 22. Bd2 a6 23. Rfe1 Rcd8 24. Bc3 Bf6 1/2-1/2

[Event "15. Obert Int. Sant Martí 2013 - B"]
[Site "Barcelona ESP"]
[Date "2013.07.15"]
[Round "3.32"]
[White "Jimenez Martinez, Javier"]
[Black "Velasco Rebezon, Daniela"]
[Result "0-1"]
[WhiteElo "1943"]
[BlackElo "1651"]
[PlyCount "92"]
[EventDate "2013.07.13"]
[EventType "swiss"]
[EventRounds "9"]
[EventCountry "ESP"]
[SourceTitle "Ajedrez en Madrid"]
[Source "lmi"]
[SourceDate "2013.07.13"]
[SourceVersion "1"]
[SourceVersionDate "2019.06.21"]
[SourceQuality "1"]

1. b4 Nf6 2. Bb2 b6 3. e3 Bb7 4. Nf3 e6 5. a3 c5 6. bxc5 Bxc5 7. d4 Be7 8. c4
O-O 9. Nbd2 d5 10. Bd3 Nc6 11. O-O Rc8 12. cxd5 Nxd5 13. Qe2 Rc7 14. Rfc1 Qb8
15. Ne4 Rfc8 16. Neg5 h6 17. Nh3 Na5 18. Rxc7 Rxc7 19. e4 Nc3 20. Qe1 Na4 21.
Bc1 Nb3 22. Bf4 Nxa1 23. Qxa1 Qc8 24. Bxc7 Qxc7 25. Nd2 a6 26. f3 b5 27. Nf2
Qc3 28. Qxc3 Nxc3 29. Nb3 Bxa3 30. Na5 Ba8 31. Kf1 Bb4 32. Nb3 a5 33. Ng4 a4
34. Na1 Ba5 35. Ne3 b4 36. Nac2 b3 37. Na3 Bb4 38. Nec4 Bc6 39. Kf2 Kf8 40. Ke3
Ke7 41. Kf4 Nb5 42. Ne5 Nxd4 43. Ke3 Bxa3 44. Nxc6+ Nxc6 45. Kd2 Bb4+ 46. Kc1
a3 0-1

[Event "15. Obert Int. Sant Martí 2013 - B"]
[Site "Barcelona ESP"]
[Date "2013.07.15"]
[Round "3.33"]
[White "Alfara Ayllon, Jose Luis"]
[Black "Martinez Navarro, Miquel"]
[Result "1-0"]
[WhiteElo "1940"]
[BlackElo "1641"]
[PlyCount "131"]
[EventDate "2013.07.13"]
[EventType "swiss"]
[EventRounds "9"]
[EventCountry "ESP"]
[SourceTitle "Ajedrez en Madrid"]
[Source "lmi"]
[SourceDate "2013.07.13"]
[SourceVersion "1"]
[SourceVersionDate "2019.06.21"]
[SourceQuality "1"]

1. e4 e5 2. Nf3 d6 3. d4 exd4 4. Nxd4 Nf6 5. f3 Nc6 6. c4 Bd7 7. Nc3 h6 8. Be3
a6 9. Qd2 Be7 10. O-O-O Na7 11. g4 c5 12. Nf5 Bxf5 13. gxf5 Nc6 14. Rg1 Rg8 15.
Kb1 Qc7 16. Nd5 Nxd5 17. cxd5 Ne5 18. Be2 O-O-O 19. f4 Nd7 20. Bh5 Rdf8 21. e5
b6 22. f6 gxf6 23. Rxg8 Rxg8 24. Bxf7 Rf8 25. e6 Kb7 26. Qc2 b5 27. h4 Nb6 28.
f5 Nc4 29. Bxh6 Rh8 30. Qc1 Qa5 31. h5 Qb4 32. Bd2 Nxd2+ 33. Qxd2 Qg4 34. Bg6
Kb6 35. Re1 Qh4 36. Qe3 Kc7 37. Qe4 Qg3 38. Rc1 Kb6 39. Rh1 Kc7 40. h6 Qe5 41.
Qf3 Kd8 42. h7 Kc7 43. Ka1 Kb6 44. Qg2 Kc7 45. Rf1 a5 46. Qd2 Kb6 47. Qd3 Ka6
48. a4 c4 49. axb5+ Kxb5 50. Qd2 Rc8 51. Rh1 Rh8 52. Rh4 Qg3 53. Qd4 Qe1+ 54.
Ka2 Qb4 55. Rh3 Qc5 56. Be8+ Kb6 57. Qxc5+ Kxc5 58. Bc6 Kd4 59. Ka3 Ke5 60. Ka4
Kxf5 61. Kxa5 Ke5 62. Kb6 f5 63. Kc7 Kf6 64. Bb5 f4 65. Bxc4 Ke5 66. Kd7 1-0

[Event "15. Obert Int. Sant Martí 2013 - B"]
[Site "Barcelona ESP"]
[Date "2013.07.15"]
[Round "3.34"]
[White "Rodriguez Batuecas, Jordi"]
[Black "Delgado Lozano, Jose Manuel"]
[Result "1/2-1/2"]
[WhiteElo "1630"]
[BlackElo "1927"]
[PlyCount "59"]
[EventDate "2013.07.13"]
[EventType "swiss"]
[EventRounds "9"]
[EventCountry "ESP"]
[SourceTitle "Ajedrez en Madrid"]
[Source "lmi"]
[SourceDate "2013.07.13"]
[SourceVersion "1"]
[SourceVersionDate "2019.06.21"]
[SourceQuality "1"]

1. e4 c6 2. d4 d5 3. Nc3 dxe4 4. Nxe4 Nd7 5. Nf3 Ngf6 6. Nxf6+ Nxf6 7. Bc4 e6
8. O-O Be7 9. Bg5 O-O 10. Re1 Qc7 11. Bxf6 Bxf6 12. Ne5 c5 13. c3 cxd4 14. Qxd4
Rd8 15. Qf4 b5 16. Bb3 a5 17. Bc2 Rd5 18. Nd3 Qxf4 19. Nxf4 Rd2 20. Rac1 Bb7
21. Nd3 Rc8 22. a3 g6 23. Red1 Rxd1+ 24. Rxd1 Rd8 25. Nc5 Rxd1+ 26. Bxd1 Bc6
27. g3 e5 28. a4 Be7 29. axb5 Bxb5 30. Ba4 1/2-1/2

[Event "15. Obert Int. Sant Martí 2013 - B"]
[Site "Barcelona ESP"]
[Date "2013.07.15"]
[Round "3.35"]
[White "Varela La Madrid, Maria"]
[Black "Cantero Mitjans, Carles"]
[Result "1-0"]
[WhiteElo "1927"]
[BlackElo "1639"]
[PlyCount "59"]
[EventDate "2013.07.13"]
[EventType "swiss"]
[EventRounds "9"]
[EventCountry "ESP"]
[SourceTitle "Ajedrez en Madrid"]
[Source "lmi"]
[SourceDate "2013.07.13"]
[SourceVersion "1"]
[SourceVersionDate "2019.06.21"]
[SourceQuality "1"]

1. d4 c6 2. Nf3 d5 3. c3 Bf5 4. Bf4 Nf6 5. Nbd2 e6 6. e3 Nbd7 7. Be2 Be7 8. Ne5
O-O 9. g4 Bg6 10. h4 h6 11. Nxg6 fxg6 12. g5 hxg5 13. hxg5 Ne8 14. Nf3 Nd6 15.
Bxd6 Bxd6 16. Qc2 Kf7 17. O-O-O Rh8 18. Bd3 Rxh1 19. Rxh1 Nf8 20. Rh8 Ke7 21.
Bxg6 Qa5 22. a3 Bxa3 23. bxa3 Qxa3+ 24. Qb2 Qa6 25. Qb4+ Kd7 26. Ne5+ Kc7 27.
Rxf8 Rxf8 28. Qe7+ Kc8 29. Qxf8+ Kc7 30. Qe7+ 1-0

[Event "15. Obert Int. Sant Martí 2013 - B"]
[Site "Barcelona ESP"]
[Date "2013.07.15"]
[Round "3.36"]
[White "Diaz Nieto, Alberto"]
[Black "Santolaria Sanz, Xavier"]
[Result "1-0"]
[WhiteElo "1918"]
[BlackElo "1624"]
[PlyCount "70"]
[EventDate "2013.07.13"]
[EventType "swiss"]
[EventRounds "9"]
[EventCountry "ESP"]
[SourceTitle "Ajedrez en Madrid"]
[Source "lmi"]
[SourceDate "2013.07.13"]
[SourceVersion "1"]
[SourceVersionDate "2019.06.21"]
[SourceQuality "1"]

1. d4 Nf6 2. c4 e5 3. dxe5 Ng4 4. e4 Bb4+ 5. Bd2 Bxd2+ 6. Qxd2 Nxe5 7. f4 Ng4
8. Nc3 d6 9. Nf3 Nc6 10. Bd3 f6 11. O-O-O Nb4 12. Bb1 Be6 13. Nd5 a5 14. h3
Bxd5 15. exd5 Nh6 16. Rhe1+ Kd7 17. g4 Kc8 18. Nd4 b6 19. Ne6 Qd7 20. g5 fxg5
21. fxg5 Nf7 22. Nxg7 Qa4 23. a3 Na6 24. Qd4 Ne5 25. Ba2 Nb4 26. Bb1 Na6 27. h4
Qxc4+ 28. Qxc4 Nxc4 29. Re7 Kd8 30. Rf7 Ne5 31. Ne6+ Ke8 32. Rxh7 Rxh7 33. Bxh7
Ke7 34. g6 Nxg6 35. Bxg6 Nc5 1-0

[Event "15. Obert Int. Sant Martí 2013 - B"]
[Site "Barcelona ESP"]
[Date "2013.07.15"]
[Round "3.37"]
[White "Navarro Gutierrez, Andres Camilo"]
[Black "Santamaria Torres, Sergio"]
[Result "1-0"]
[WhiteElo "1909"]
[BlackElo "1620"]
[PlyCount "47"]
[EventDate "2013.07.13"]
[EventType "swiss"]
[EventRounds "9"]
[EventCountry "ESP"]
[SourceTitle "Ajedrez en Madrid"]
[Source "lmi"]
[SourceDate "2013.07.13"]
[SourceVersion "1"]
[SourceVersionDate "2019.06.21"]
[SourceQuality "1"]

1. e4 c5 2. Nf3 d6 3. Bc4 e6 4. O-O Nc6 5. c3 Nge7 6. d4 cxd4 7. Nxd4 Qb6 8.
Nb5 Ng6 9. Nxd6+ Bxd6 10. Qxd6 Qd8 11. Qg3 O-O 12. Be3 Qh4 13. Qxh4 Nxh4 14.
Rd1 a6 15. Nd2 b5 16. Be2 Ng6 17. f4 Bb7 18. Nb3 Rad8 19. Nc5 Bc8 20. b4 Nge7
21. Rxd8 Rxd8 22. a4 bxa4 23. Rxa4 f5 24. Nxa6 1-0

[Event "15. Obert Int. Sant Martí 2013 - B"]
[Site "Barcelona ESP"]
[Date "2013.07.15"]
[Round "3.38"]
[White "Custodio Criado, Jofre"]
[Black "Casset Bello, Elena"]
[Result "0-1"]
[WhiteElo "1568"]
[BlackElo "1908"]
[PlyCount "146"]
[EventDate "2013.07.13"]
[EventType "swiss"]
[EventRounds "9"]
[EventCountry "ESP"]
[SourceTitle "Ajedrez en Madrid"]
[Source "lmi"]
[SourceDate "2013.07.13"]
[SourceVersion "1"]
[SourceVersionDate "2019.06.21"]
[SourceQuality "1"]

1. e4 e5 2. Nf3 Nc6 3. Bc4 Bc5 4. c3 Nf6 5. d4 exd4 6. cxd4 Bb4+ 7. Bd2 Bxd2+
8. Nbxd2 d5 9. exd5 Nxd5 10. Qb3 Nce7 11. O-O O-O 12. Ne4 c6 13. Rac1 Qb6 14.
Qa3 Be6 15. Nc5 Bf5 16. Rfe1 Qc7 17. Re5 Bg4 18. Bxd5 Nxd5 19. h3 Bxf3 20. Qxf3
Rad8 21. Nb3 Qb6 22. Rc5 h6 23. Rc2 Nb4 24. Rd2 Rd6 25. a3 Nd5 26. Rde2 Rf6 27.
Qg3 Nf4 28. Rd2 Nxg2 29. Kh1 Nf4 30. Nc5 Rd8 31. Ne4 Nd5 32. Rxd5 cxd5 33.
Nxf6+ Qxf6 34. Kg2 Qg5 35. Qxg5 hxg5 36. Re2 Kf8 37. Kg3 Re8 38. Rc2 f6 39. Rc5
Rd8 40. Rc7 Rb8 41. Rd7 a6 42. Rxd5 Ke7 43. Kg4 Ke6 44. Rc5 Rd8 45. Rc7 Rxd4+
46. Kg3 Rd7 47. Rxd7 Kxd7 48. Kf3 Ke6 49. Ke4 g6 50. f3 Kd6 51. Kd4 f5 52. a4
a5 53. b3 b6 54. Kc4 Kc6 55. Kd4 Kd6 56. Kc4 Kc6 57. Kd4 b5 58. Ke5 bxa4 59.
bxa4 Kc5 60. Kf6 Kb4 61. Kxg6 Kxa4 62. Kxg5 Kb3 63. h4 a4 64. h5 a3 65. h6 a2
66. Kxf5 a1=Q 67. Kg6 Qh8 68. f4 Qg8+ 69. Kf6 Kc4 70. f5 Kd5 71. Ke7 Qh7+ 72.
Kf6 Qxh6+ 73. Ke7 Ke5 0-1

[Event "15. Obert Int. Sant Martí 2013 - B"]
[Site "Barcelona ESP"]
[Date "2013.07.15"]
[Round "3.39"]
[White "Torres Maiquez, Sergio"]
[Black "Febrero Perez, Lluis"]
[Result "1-0"]
[WhiteElo "1908"]
[BlackElo "1604"]
[PlyCount "69"]
[EventDate "2013.07.13"]
[EventType "swiss"]
[EventRounds "9"]
[EventCountry "ESP"]
[SourceTitle "Ajedrez en Madrid"]
[Source "lmi"]
[SourceDate "2013.07.13"]
[SourceVersion "1"]
[SourceVersionDate "2019.06.21"]
[SourceQuality "1"]

1. e4 e5 2. f4 exf4 3. Nf3 Nc6 4. d4 Bb4+ 5. c3 Ba5 6. Bxf4 d6 7. Bc4 Nf6 8.
Nbd2 O-O 9. Bb3 Re8 10. O-O h6 11. e5 dxe5 12. Nxe5 Nxe5 13. Bxe5 Bg4 14. Bxf6
Bxd1 15. Bxd8 Bxb3 16. Nxb3 Bxc3 17. bxc3 Raxd8 18. Rae1 b6 19. Kf2 f5 20.
Rxe8+ Rxe8 21. Re1 Rc8 22. Re7 Kf8 23. Rd7 g6 24. Nd2 a6 25. Nf3 b5 26. Ke3 c5
27. d5 Re8+ 28. Kd3 Re4 29. Rd6 Rg4 30. Re6 c4+ 31. Ke3 Re4+ 32. Rxe4 fxe4 33.
Kxe4 a5 34. a3 Ke7 35. Nd4 1-0

[Event "15. Obert Int. Sant Martí 2013 - B"]
[Site "Barcelona ESP"]
[Date "2013.07.15"]
[Round "3.40"]
[White "Boixader Arbo, Xavier"]
[Black "Liarte Genoves, Sergi"]
[Result "1/2-1/2"]
[WhiteElo "1546"]
[BlackElo "1880"]
[PlyCount "39"]
[EventDate "2013.07.13"]
[EventType "swiss"]
[EventRounds "9"]
[EventCountry "ESP"]
[SourceTitle "Ajedrez en Madrid"]
[Source "lmi"]
[SourceDate "2013.07.13"]
[SourceVersion "1"]
[SourceVersionDate "2019.06.21"]
[SourceQuality "1"]

1. e4 c5 2. c3 Nf6 3. e5 Nd5 4. d4 cxd4 5. cxd4 e6 6. Nf3 d6 7. Bc4 Be7 8. O-O
O-O 9. Nc3 Nxc3 10. bxc3 Qc7 11. Qd3 dxe5 12. Nxe5 Bd6 13. Nf3 Nc6 14. Bb3 Ne7
15. c4 b6 16. h3 a5 17. Qc2 Bd7 18. a4 Ng6 19. Ba3 Bxa3 20. Rxa3 1/2-1/2

[Event "15. Obert Int. Sant Martí 2013 - B"]
[Site "Barcelona ESP"]
[Date "2013.07.15"]
[Round "3.41"]
[White "Ji, Pablo"]
[Black "Colom Andres, Xavier"]
[Result "1/2-1/2"]
[WhiteElo "1546"]
[BlackElo "1876"]
[PlyCount "107"]
[EventDate "2013.07.13"]
[EventType "swiss"]
[EventRounds "9"]
[EventCountry "ESP"]
[SourceTitle "Ajedrez en Madrid"]
[Source "lmi"]
[SourceDate "2013.07.13"]
[SourceVersion "1"]
[SourceVersionDate "2019.06.21"]
[SourceQuality "1"]

1. e4 d5 2. exd5 Qxd5 3. Nc3 Qd6 4. Nf3 Nf6 5. Be2 c6 6. d3 Bg4 7. h3 Bh5 8.
O-O Nbd7 9. Ng5 Bg6 10. Be3 e6 11. a3 Be7 12. Nf3 O-O 13. Nh4 Nd5 14. Nxg6 hxg6
15. Bd2 N7f6 16. Ne4 Nxe4 17. dxe4 Nf6 18. Bd3 Rfd8 19. Re1 Qc7 20. e5 Nd5 21.
Qg4 Qd7 22. h4 Bf8 23. h5 Ne7 24. hxg6 Nxg6 25. Bg5 Be7 26. Bxg6 Bxg5 27. Qxg5
fxg6 28. Rad1 Qe8 29. g3 Rd5 30. Rd3 Rxd3 31. cxd3 Qf7 32. Kg2 Rf8 33. Qe3 b6
34. Rc1 Qd7 35. Qe4 Qf7 36. Rc2 c5 37. b4 cxb4 38. axb4 Qf5 39. f3 a5 40. bxa5
Qxe4 41. fxe4 bxa5 42. Rc6 Ra8 43. Rxe6 a4 44. Rc6 a3 45. Rc1 a2 46. Ra1 Kf7
47. Kf3 Ke7 48. d4 Ra3+ 49. Kf2 g5 50. g4 Rh3 51. Rc1 Ra3 52. Ra1 Rh3 53. Rc1
Rc3 54. Ra1 1/2-1/2

[Event "15. Obert Int. Sant Martí 2013 - B"]
[Site "Barcelona ESP"]
[Date "2013.07.15"]
[Round "3.42"]
[White "Julia Yebra, David"]
[Black "Ylla Soro, Rafael"]
[Result "1-0"]
[WhiteElo "1873"]
[BlackElo "1596"]
[PlyCount "83"]
[EventDate "2013.07.13"]
[EventType "swiss"]
[EventRounds "9"]
[EventCountry "ESP"]
[SourceTitle "Ajedrez en Madrid"]
[Source "lmi"]
[SourceDate "2013.07.13"]
[SourceVersion "1"]
[SourceVersionDate "2019.06.21"]
[SourceQuality "1"]

1. c4 f5 2. Nc3 Nf6 3. g3 e6 4. Bg2 Bb4 5. a3 Bxc3 6. dxc3 O-O 7. Nf3 Nc6 8.
O-O d6 9. Qc2 Ne7 10. Bg5 h6 11. Bxf6 Rxf6 12. Rad1 Qe8 13. Rd2 Rb8 14. Rfd1 b6
15. Nd4 a6 16. f4 Bb7 17. Bxb7 Rxb7 18. e4 fxe4 19. Qxe4 Rb8 20. Nxe6 Nf5 21.
Re1 Qf7 22. Nd4 Qxc4 23. Nxf5 Qxe4 24. Nxh6+ Rxh6 25. Rxe4 Rf8 26. Re7 Rf7 27.
Rde2 Rhf6 28. h4 Kh7 29. Kf2 Kg6 30. Kf3 Kh5 31. g4+ Kg6 32. f5+ Kh7 33. Rxf7
Rxf7 34. Re6 d5 35. Kf4 Kg8 36. Re8+ Rf8 37. Rxf8+ Kxf8 38. Ke5 Ke7 39. Kxd5
Kd7 40. g5 c6+ 41. Ke5 Ke7 42. h5 1-0

[Event "15. Obert Int. Sant Martí 2013 - B"]
[Site "Barcelona ESP"]
[Date "2013.07.15"]
[Round "3.43"]
[White "Harutian, Arthur William"]
[Black "Pascual Gonzalez-Novelles, Carles"]
[Result "0-1"]
[WhiteElo "1517"]
[BlackElo "1873"]
[PlyCount "52"]
[EventDate "2013.07.13"]
[EventType "swiss"]
[EventRounds "9"]
[EventCountry "ESP"]
[SourceTitle "Ajedrez en Madrid"]
[Source "lmi"]
[SourceDate "2013.07.13"]
[SourceVersion "1"]
[SourceVersionDate "2019.06.21"]
[SourceQuality "1"]

1. e4 e6 2. d4 d5 3. exd5 exd5 4. Bd3 Bd6 5. Ne2 Nf6 6. O-O O-O 7. Bf4 Bg4 8.
f3 Bh5 9. Nd2 c6 10. c3 Re8 11. Bxd6 Qxd6 12. Ng3 Bg6 13. Qc2 Nbd7 14. Nf5 Qc7
15. Rae1 Nf8 16. Ne3 Re7 17. Ng4 Nxg4 18. Rxe7 Qxe7 19. fxg4 Qe3+ 20. Rf2 Bxd3
21. Qd1 Re8 22. Nf3 Nd7 23. g5 f6 24. gxf6 Nxf6 25. Ne5 Rxe5 26. dxe5 Ng4 0-1

[Event "15. Obert Int. Sant Martí 2013 - B"]
[Site "Barcelona ESP"]
[Date "2013.07.15"]
[Round "3.44"]
[White "De La Fuente Clemente, Constantino"]
[Black "Herrerias Gonzalez, Andreu"]
[Result "1-0"]
[WhiteElo "1850"]
[BlackElo "1592"]
[PlyCount "87"]
[EventDate "2013.07.13"]
[EventType "swiss"]
[EventRounds "9"]
[EventCountry "ESP"]
[SourceTitle "Ajedrez en Madrid"]
[Source "lmi"]
[SourceDate "2013.07.13"]
[SourceVersion "1"]
[SourceVersionDate "2019.06.21"]
[SourceQuality "1"]

1. e4 c6 2. d4 d5 3. Nc3 dxe4 4. Nxe4 Bf5 5. Ng3 Bg6 6. Nf3 Nd7 7. Nh4 e6 8.
Nxg6 hxg6 9. Bd3 Be7 10. Qe2 Ngf6 11. Bd2 Qc7 12. O-O-O O-O-O 13. h3 Nd5 14.
Qf3 N7f6 15. Kb1 Qb6 16. c3 a5 17. Ka1 Kd7 18. Bg5 a4 19. Bxf6 a3 20. Rb1 Bxf6
21. bxa3 Qa7 22. Ne4 Ke8 23. Rb3 Be7 24. Rhb1 f5 25. Rxb7 Qxa3 26. R7b3 fxe4
27. Bxe4 Qd6 28. Bxg6+ Kd7 29. Rb7+ Nc7 30. d5 cxd5 31. R1b6 Qe5 32. Kb2 Rhf8
33. Qg4 Rxf2+ 34. Kb3 Ra8 35. a4 Bf6 36. Qb4 d4 37. Bd3 Kd8 38. Rd6+ Kc8 39.
Rxc7+ Kxc7 40. Qb6+ Kc8 41. Rc6+ Kd7 42. Qb7+ Ke8 43. Bg6+ Kf8 44. Qf7# 1-0

[Event "15. Obert Int. Sant Martí 2013 - B"]
[Site "Barcelona ESP"]
[Date "2013.07.15"]
[Round "3.45"]
[White "Riu Lopez, Sergi"]
[Black "Molina Cabaleiro, Juan Jose"]
[Result "1-0"]
[WhiteElo "1503"]
[BlackElo "1801"]
[PlyCount "37"]
[EventDate "2013.07.13"]
[EventType "swiss"]
[EventRounds "9"]
[EventCountry "ESP"]
[SourceTitle "Ajedrez en Madrid"]
[Source "lmi"]
[SourceDate "2013.07.13"]
[SourceVersion "1"]
[SourceVersionDate "2019.06.21"]
[SourceQuality "1"]

1. e4 d5 2. exd5 Qxd5 3. Nc3 Qe5+ 4. Be2 c6 5. Nf3 Qc7 6. d3 e6 7. Be3 Nf6 8.
Qd2 Bd6 9. O-O Nd5 10. Nxd5 exd5 11. Qc3 O-O 12. Bd4 f6 13. Bc5 Bxc5 14. Qxc5
Nd7 15. Qb4 Re8 16. Rfe1 a5 17. Qh4 Nc5 18. d4 Ne4 19. Bd3 1-0

[Event "15. Obert Int. Sant Martí 2013 - B"]
[Site "Barcelona ESP"]
[Date "2013.07.15"]
[Round "3.46"]
[White "Benet Saniger, Xavier"]
[Black "Sequera Morales, Jose David"]
[Result "1-0"]
[WhiteElo "1797"]
[BlackElo "1575"]
[PlyCount "65"]
[EventDate "2013.07.13"]
[EventType "swiss"]
[EventRounds "9"]
[EventCountry "ESP"]
[SourceTitle "Ajedrez en Madrid"]
[Source "lmi"]
[SourceDate "2013.07.13"]
[SourceVersion "1"]
[SourceVersionDate "2019.06.21"]
[SourceQuality "1"]

1. d4 Nf6 2. c4 g6 3. Nc3 Bg7 4. e4 d6 5. Nf3 O-O 6. Be2 Nbd7 7. O-O b6 8. e5
dxe5 9. dxe5 Ng4 10. e6 fxe6 11. Ng5 Ngf6 12. Nxe6 Qe8 13. Nxc7 Qd8 14. Nxa8
Bb7 15. Bf3 Qxa8 16. Bxb7 Qxb7 17. Nd5 Nxd5 18. Qxd5+ Qxd5 19. cxd5 Nf6 20. Rd1
Rd8 21. Be3 Nxd5 22. Bd4 Bh6 23. a3 Rc8 24. g3 Bg5 25. f4 Bf6 26. Bxf6 Nxf6 27.
Rac1 Rxc1 28. Rxc1 Nd5 29. Kf2 Kf7 30. Kf3 Kf6 31. Ke4 Ke6 32. Rc6+ Kd7 33.
Kxd5 1-0

[Event "15. Obert Int. Sant Martí 2013 - B"]
[Site "Barcelona ESP"]
[Date "2013.07.15"]
[Round "3.47"]
[White "Roche Peris, Eduard"]
[Black "Llados Clos, Jaume"]
[Result "1/2-1/2"]
[WhiteElo "1792"]
[BlackElo "1568"]
[PlyCount "106"]
[EventDate "2013.07.13"]
[EventType "swiss"]
[EventRounds "9"]
[EventCountry "ESP"]
[SourceTitle "Ajedrez en Madrid"]
[Source "lmi"]
[SourceDate "2013.07.13"]
[SourceVersion "1"]
[SourceVersionDate "2019.06.21"]
[SourceQuality "1"]

1. c4 e5 2. Nc3 Nf6 3. g3 Bc5 4. Bg2 O-O 5. Nf3 d6 6. d4 exd4 7. Nxd4 Bxd4 8.
Qxd4 Nc6 9. Bxc6 bxc6 10. Bg5 h6 11. Bxf6 Qxf6 12. Qxf6 gxf6 13. O-O Re8 14. e4
f5 15. Rfe1 fxe4 16. Nxe4 Kg7 17. Nc3 Bf5 18. f3 f6 19. Kf2 Kf7 20. Rxe8 Rxe8
21. Re1 Rxe1 22. Kxe1 Ke6 23. f4 h5 24. Kd2 h4 25. gxh4 Bg4 26. Ke3 Kf5 27. Ne4
Bd1 28. h3 Bc2 29. Ng3+ Kg6 30. h5+ Kh6 31. h4 c5 32. f5 Bd1 33. Ne4 Kxh5 34.
Nxf6+ Kxh4 35. Kf4 Bh5 36. Nh7 Be8 37. Nf6 Bh5 38. Nd5 Bf7 39. f6 c6 40. Ne3
Kh5 41. Kf5 Bg8 42. b3 Bf7 43. a4 a5 44. Ng2 d5 45. Nf4+ Kh6 46. Ke5 dxc4 47.
bxc4 Bxc4 48. Ne6 Kg6 49. Nxc5 Kf7 50. Kd6 Kxf6 51. Kxc6 Be2 52. Kb6 Bd1 53.
Kxa5 Bxa4 1/2-1/2